Sports Quiz

Random Sports or NBA Quiz

Top 25 NBA Salaries 2010-2011 Quiz Stats

 Plays Quiz not verified by Sporcle

Support Sporcle.
Go Orange.
Score 0/30 Timer 08:00
0 Plays Today
Salary Player % Correct
$14,500,000Lebron James
96.8%
$24,806,250Kobe Bryant
94.9%
$14,000,000Dwayne Wade
85.6%
$14,500,000Chris Bosh
84.3%
$18,800,000Kevin Garnett
83.8%
$13,876,321Paul Pierce
81.5%
$17,149,243Carmelo Anthony
76.9%
$16,509,600Dwight Howard
75.9%
$17,300,000Dirk Nowitzki
75.5%
$18,700,000Tim Duncan
75%
$16,486,611Amare Stoudemire
73.6%
$14,940,152Chris Paul
69.9%
$17,822,187Pau Gasol
68.1%
$14,940,152Deron Williams
63.9%
$17,730,694Gilbert Arenas
61.1%
Salary Player % Correct
$20,514,000Rashard Lewis
59.7%
$16,324,500Joe Johnson
59.3%
$14,400,000Carlos Boozer
57.9%
$17,686,100Yao Ming
56.9%
$17,300,000Vince Carter
52.8%
$13,520,500Brandon Roy
49.1%
$15,959,099Elton Brand
46.8%
$13,603,750Rudy Gay
40.7%
$17,333,333Zach Randolph
39.4%
$18,300,000Michael Redd
31.5%
$14,444,444Jason Richardson
26.4%
$13,842,332Andrew Bynum
24.5%
$15,959,099Kenyon Martin
17.6%
$15,602,138Peja Stojakovic
16.2%
$17,822,187Andrei Kilienko
4.2%

You're not logged in!

Compare scores with friends on all Sporcle quizzes.
OR
Log In

From the Vault

TIME Cover Stories: Athletes

by hatefulmissy

These athletes sure have a lot of TIME on their hands.
Remove Ads.
Support Sporcle.
Get the best of Sporcle when you Go Orange. This ad-free experience offers more features, more stats, and more fun while also helping to support Sporcle. Thank you for becoming a member.

Show Comments

Extras

Top Quizzes Today


Score Distribution

Your Account Isn't Verified!

In order to create a playlist on Sporcle, you need to verify the email address you used during registration. Go to your Sporcle Settings to finish the process.

Report this User

Report this user for behavior that violates our Community Guidelines.

Details: